00767nam a2200217 a 4500999001500000001000500015003000900020005001700029008004100046040002800087082002400115245007800139260004500217300002200262504004100284505001200325650004300337710002700380942001500407952012700422 c1861d18619582BD-DhUAP20210127093837.0200216s1992 bg b 00| 0 eng d aBD-DhUAPcBD-DhUAPbEng00223a348.5492046 BAN aBangladesh legal decisions /cedited by Mohammad Fazlul Karim...[et al.]. aDhaka :bBangladesh bar council,cc2002. avolumes ;c24 cm. aIncludes bibliographical references. aV. 22-- aLaw reports, digests, etczBangladesh. aBangladesh Bar Council00012ddccBK 00102ddc4070aUAPCLbUAPCLcGeneral Stacksd2020-02-17o348.5492046 BAN V-22p3010009582r2020-02-17t1w2020-02-17yBK